| 000 | 00717cam a22002413a 4500 | ||
|---|---|---|---|
| 001 | 6413 | ||
| 003 | PGUSA | ||
| 005 | 20140828083132.0 | ||
| 008 | 040901s2004||||xxu|||||s|||||000 | eng d | ||
| 040 |
_aPGUSA _beng |
||
| 042 | _adc | ||
| 050 | 4 | _aDK | |
| 100 | 1 |
_aTrotsky, Leon, _d1879-1940 |
|
| 245 | 1 | 0 |
_aFrom October to Brest-Litovsk _h[electronic resource] / _cLeon Trotsky |
| 260 |
_bProject Gutenberg, _c2004 |
||
| 506 | _aPublic domain in the USA. | ||
| 516 | _aElectronic text | ||
| 653 | _aSoviet Union -- History -- Revolution, 1917-1921 | ||
| 653 | _aBrest-Litovsk Peace Conference (1917-1918) | ||
| 830 | 0 |
_aProject Gutenberg _v6413 |
|
| 856 | 4 | 0 | _uhttp://www.gutenberg.org/ebooks/6413 |
| 942 | _cEB | ||
| 999 |
_c235736 _d235736 |
||